000 00702nam a2200217Ia 4500
001 15928
003 GE_BSU
008 181216s||||||||xx |||||||||||||| ||und||
040 _cGE_BSU
080 _a821.353.1-4
100 _aხერგიანი, მირონ
245 _aდღეს ღამე უთენებია
245 _bნარკვევები
245 _cრედ. ცინცაძე. მხ. ა.სამაშვილი
260 _aთბილისი
260 _bსაბჭ. საქართველო
260 _c1983
300 _a288გვ. ; 20სმ
653 _aდღეს ღამე უთენებია
942 _cBK
999 _c49023
_d49023